Bhutan Country Quiz - Statistics

General Stats
  • This quiz has been taken 6 times
  • The average score is 8 of 15
Answer Stats
Hint Answer % Correct
Main Religions Buddhism
100%
Main Language Dzongkha
100%
Main Ally India
100%
Borderers India
100%
Borders China
83%
Global Firepower Rating (out of 145) 145
67%
Form of Government Monarchy
67%
Capital Thimphu
67%
Currency Ngultrum
33%
Founded in 1907
17%
Number of Dzongkhags 20
17%
Main Export Iron
17%
Formerly Drukyul
0%
Current Leader Jigme Khesar Namgyel Wangchuck
0%
Tallest Mountain Kangkar Pünzum
0%
No matching quizzes found
Score Distribution
Percent of People with Each Score
Percentile by Number Answered
Your Score History
You have not taken this quiz